000 00673nam a22001937a 4500
003 OSt
005 20240613090610.0
008 240613b ||||| |||| 00| 0 eng d
040 _cAIMIT LIBRARY
100 _aDinakar, Hithesh U.
_e2116061
_9170340
245 _aStudy of customer engagement rate analysis of bolas group /
_cBy Hithesh U Dinakar ; Guided by Nagendra S.
260 _aMangalore ;
_c2023.
650 _aIndustry profile
_9170341
650 _aLiterature review objectives
_9170342
650 _aData analysis and interpretations
_9170343
700 _aS Nagendra.
_eGuide
_9170344
856 _3Insnity branding social media marketing
942 _2ddc
_cPRO
999 _c231142
_d231142